000 00843cam a2200277 4500
008 090401t1987 xxu||||| |||| 00| 0 eng d
020 _a0854063625
035 _a(Sirsi) u45490
041 _aeng
050 _a333.335
090 _aRICS 1987/57 ABCDE
110 _aRoyal Institution of Chartered Surveyors
_94900
245 _aJoint RICS/CAAV guidance notes on stocktaking valuations
260 _aLondon
_bRICS Land Agency and Agriculture Divisio
_c1987
300 _a19p. ; 30cm.
350 _a4
490 _aLand Agency and Agriculture Guidance Notes
520 _aSUPERSEDED: Replaced by new edition (RICS 1997/41).
650 _aGUIDANCE NOTES
650 _aRICS
650 _aSTOCKTAKING
650 _aValuation
_96273
710 _aCentral Association of Agricultural Valuers
942 _n0
948 _c04/03/1997
999 _c91733
_d91733